000 00305nam a22001337a 4500
020 _a978-0070107748
041 _aENG
100 _aVen Te Chow
245 _aHandbook Of Applied Hydrology
260 _aNew York
_bMcGraw Hill Book
_c1964
300 _a49
650 _aSWCE ( 06 )
856 _uSWCE ( 06 )
999 _c2927
_d2927